| 000 | 00505nam a2200193 i 4500 | ||
|---|---|---|---|
| 001 | bg | ||
| 245 | 0 | 0 |
_aImagist poetry / _cintrod. and ed. by Peter Jones. |
| 260 |
_aLondon : _bPenguin Book, _ccop.1972. |
||
| 300 |
_a187 s. ; _c21 cm. |
||
| 650 | 9 |
_aPoezja angielska _xantologia _y20 w. |
|
| 700 | 1 |
_aJONES, Peter. _eRed. |
|
| 020 | _a014018368X | ||
| 040 | _cBPK | ||
| 041 | 0 | _aen | |
| 080 | _a821.111-1"19" | ||
| 920 | _a0-14-018368-X | ||
| 942 | _cKS | ||
| 008 | s pl f |000 0 pol | ||
| 999 |
_c37253 _d37253 |
||
| 856 |
_uhttp://koha.tu.koszalin.pl/cgi-bin/koha/opac-detail.pl?biblionumber=37253 _yKatalog online BPK |
||